| 000 | 00858cam a2200265 i 4500 | ||
|---|---|---|---|
| 999 |
_c2657 _d2657 |
||
| 003 | OSt | ||
| 005 | 20210716060915.0 | ||
| 008 | 800115s1979 maua b 001 0 eng | ||
| 020 | _a0316501549 | ||
| 040 | _cALUPE UNIVERSITY | ||
| 050 | 0 | 0 |
_aRC556 _b.K64 1979 |
| 100 | 1 | _aKolodny, Robert C. | |
| 245 | 1 | 0 |
_aTextbook of sexual medicine / _cRobert C. Kolodny, William H. Masters, Virginia E. Johnson. |
| 250 | _a1st ed. | ||
| 260 |
_aBoston : _bLittle, Brown, _c1979. |
||
| 300 |
_avi, 642 p. : _bill. ; _c25 cm. |
||
| 504 | _aIncludes bibliographical references and index. | ||
| 650 | 0 | _aSexual disorders. | |
| 650 | 0 | _aSex therapy. | |
| 650 | 0 |
_aSick _xSexual behavior. |
|
| 700 | 1 |
_aMasters, William H., _ejoint author. |
|
| 700 | 1 |
_aJohnson, Virginia E., _ejoint author. |
|
| 906 |
_a7 _bcbc _corignew _d2 _eopcn _f19 _gy-gencatlg |
||
| 942 |
_2lcc _cBK _nPW |
||